Guinness Book of World Record / (Record no. 522597)

000 -LEADER
fixed length control field 00365nam a22001577a 4500
003 - CONTROL NUMBER IDENTIFIER
control field NUST
020 ## - INTERNATIONAL STANDARD BOOK NUMBER
International Standard Book Number 9780553279269
038 ## - RECORD CONTENT LICENSOR
Staff Name waseem
082 ## - DEWEY DECIMAL CLASSIFICATION NUMBER
Classification number 032
Author Mark GUI
100 ## - MAIN ENTRY--PERSONAL NAME
Personal name Guinness
9 (RLIN) 12640
245 ## - TITLE STATEMENT
Title Guinness Book of World Record /
Statement of responsibility, etc. Guinness
260 ## - PUBLICATION, DISTRIBUTION, ETC.
Place of publication, distribution, etc. New York :
Name of publisher, distributor, etc. Sterling,
Date of publication, distribution, etc. 1989.
300 ## - PHYSICAL DESCRIPTION
Extent 692 p. ;
500 ## - GENERAL NOTE
General note Paperback.
942 ## - ADDED ENTRY ELEMENTS (KOHA)
Source of classification or shelving scheme
Koha item type Book
Holdings
Withdrawn status Lost status Source of classification or shelving scheme Damaged status Not for loan Permanent Location Current Location Shelving location Date acquired Full call number Barcode Date last seen Copy number Price effective from Koha item type
          Central Library (CL) Central Library (CL) Book Cart 12/02/2018 651.5 GUI CL-D-105 12/02/2018 1 12/02/2018 Book
© 2023 Central Library, National University of Sciences and Technology. All Rights Reserved.